Statistics for Countries Elimination Quiz #3

Click here to take the quiz!

General Stats

  • This quiz has been taken 819 times
  • The average score is 15 of 16

Answer Stats

County% Correct
B In Capital | Blue In Flag | Most Populated S American Country | Won World CupBrazil
99%
B In Capital | Blue In Flag | Most Populated S American Country | +2 othersArgentina
99%
B In Capital | Blue In Flag | Most Populated S American CountryColombia
97%
Most Populated S American CountryPeru
96%
Blue In Flag | Most Populated S American CountryVenezuela
92%
CurrencyPeso
83%

Score Distribution

Percentile by Number Answered

Percent of People with Each Score

Your Score History

You have not taken this quiz